Movies Quiz

Random Movies or Director Quiz

Clint Eastwood: Actor, Director or Both? Quiz Stats

 Plays Quiz not verified by Sporcle

Challenge
Share
Tweet
Embed
Score 0/34 Timer 03:00
0 Plays Today
movie Actor (a), Director (d), or both (b) % Correct
The Good, the Bad and the Ugly???
96.4%
For a Few Dollars More???
92.8%
A Fistful of Dollars???
90.6%
Dirty Harry???
89.9%
Unforgiven???
89.9%
Million Dollar Baby???
89.9%
J. Edgar???
89.9%
Invictus???
89.2%
Paint Your Wagon???
87.8%
Changeling???
86.3%
Kelly's Heroes???
85.6%
Gran Torino???
85.6%
Mystic River???
85.6%
Letters From Iwo Jima???
85.6%
Flags of Our Fathers???
83.5%
Hang 'Em High???
82%
Escape From Alcatraz???
81.3%
movie Actor (a), Director (d), or both (b) % Correct
Joe Kidd???
79.9%
Magnum Force???
77%
Jersey Boys???
73.4%
Space Cowboys???
72.7%
Midnight in the Garden of Good and Evil???
71.9%
Hereafter???
71.9%
Bird???
66.2%
Bloodwork???
64%
Heartbreak Ridge???
58.3%
The Outlaw Josey Wales???
57.6%
True Crime???
55.4%
Trouble With the Curve???
54%
The Rookie???
46.8%
Pink Cadillac???
46%
High Plains Drifter???
43.9%
Sudden Impact???
38.1%
The Eiger Sanction???
33.8%

You're not logged in!

Compare scores with friends on all Sporcle quizzes.
OR
Log In

You Might Also Like...

Show Comments

Extras

Top Quizzes Today


Score Distribution

Your Account Isn't Verified!

In order to create a playlist on Sporcle, you need to verify the email address you used during registration. Go to your Sporcle Settings to finish the process.

Report this User

Report this user for behavior that violates our Community Guidelines.

Details: